Germany or United Kingdom? - Statistics

General Stats
  • This quiz has been taken 21 times
  • The average score is 13 of 15
Answer Stats
Question Answer % Correct
Larger in Population (in millions)
94%
Larger in Area (sq MI/ sq KM)
94%
Borders Ireland
94%
Home to the Big Ben
94%
Home to cities like Berlin, Frankfurt & Munich
94%
Located in Europe Both
94%
Richer in GDP Nominal
89%
More visited by tourists as of 2026
89%
BONUS QUESTION: Borders the North Sea Both
89%
Home to cities like Zurich, Bern & Geneva. None of the Above
89%
Conquered most of the world
78%
LAST QUESTION: Birthplace of Albert Einstein
78%
Richer in GDP Per Capita
72%
Was part of the Triple Entente Alliance during WW1
67%
Conquered the USA
33%
No matching quizzes found
Score Distribution
Percent of People with Each Score
Percentile by Number Answered
Your Score History
You have not taken this quiz